Normal view MARC view
  • Martí, José,

Entry Nombre Personal

Number of records used in: 2

001 - NUMERO DE CONTROL

  • campo de control: 26845

003 - IDENTIFICADOR DE NUMERO DE CONTROL

  • campo de control: UPN

005 - FECHA Y HORA DE LA ÜLTIMA TRANSACCIÓN

  • campo de control: 20220825111002.0

008 - DATOS DE LONGITUD FIJA

  • campo de control de longitud fija: 220825n||acznnaabn | aaa |d

035 ## - NUMERO DE CONTROL

  • Número de control: UPN10000026854

040 ## - FUENTE DE CATALOGACIÓN

  • Agencia original de catalogación: UPN
  • Lenguaje de catalogación: spa
  • Agencia de transcripción: UPN

100 1# - ENCABEZAMIENTO - NOMBRE PERSONAL

  • Nombre personal: Martí, José,
  • Fechas asociadas con el nombre: 1853-1895 -
  • Subdivisión de forma: Colecciones de escritos

670 ## - FUENTE EN LA QUE SE LOCALIZARON DATOS

  • Cita de la fuente: T/P
  • Información localizada: Salvat universal

902 ## - CATALOGADOR

  • Catalogador: MMA/181018